| 000 | 00915nam a2200229Ia 4500 | ||
|---|---|---|---|
| 001 | A940-35632 | ||
| 003 | IT-CnALBA | ||
| 008 | 170116s9999||||xx |||||||||||||| ||und|| | ||
| 040 |
_aIT-CnALBA _cIT-CnALBA |
||
| 041 | _aLATINO | ||
| 100 | _aLIVIO TITO | ||
| 245 | 0 | _aHISTORIAE ET ROMANI SERMONIS EXEMPLARIA RHETORICAE STUDIOSIS | |
| 250 | _a1a ed. | ||
| 260 |
_aTORINO _bREGIA TYPOGRAPHIA OFFICINA. _c1786 [1° Ed.:1786] |
||
| 300 | _a416 p. | ||
| 500 | _aSTORIE ED ESEMPI DI DISCORSO ROMANO PER GLI STUDIOSI DI RETORICA. DA TITO LIVIO, PLAUTO TERENZIO E TANTI ALTRI FAMOSI. | ||
| 501 | _aSocietà San Paolo EM - Piazza San Paolo, 14 - 12051 ALBA (CN) (non commercial uses only) ® Copyright 2017 | ||
| 520 | _aSTORIE ED ESEMPI DI DISCORSO ROMANO PER GLI STUDIOSI DI RETORICA. DA TITO LIVIO, PLAUTO TERENZIO E TANTI ALTRI FAMOSI. | ||
| 650 | _aSTORIA ANTICA | ||
| 942 | _cBK | ||
| 957 | _71 | ||
| 999 |
_a40396 _bSI _g Copie: 1 _c294459 _d294459 |
||